| 000 | 00919nam a2200181Ia 4500 | ||
|---|---|---|---|
| 008 | 100920s9999 xx 000 0 und d | ||
| 082 |
_b30025 _a27 थ 68 |
||
| 100 | _aसरदार गंगाधर बाळकृष्ण. | ||
| 245 | _aतुकाराम-दर्शन अर्थात अभंगवाणी प्रसिध्द तुकयाची. | ||
| 260 |
_bमॉडर्न बुक डेपो, प्रकाशन, पुणे.2. _c1968 |
||
| 300 |
_a171 _bसाधी |
||
| 365 | _b6 | ||
| 520 | _aशिवग्रंथ. | ||
| 630 | _aतुकाराम-दर्शन अर्थात अभंगवाणी प्रसिध्द तुकयाची. | ||
| 650 | _aशिवग्रंथ. | ||
| 730 | _aतुकाराम-दर्शन अर्थात अभंगवाणी प्रसिध्द तुकयाची. | ||
| 942 | _cBOOK | ||
| 999 |
_c685511 _d685508 |
||